| 000 | 00813 a2200229 4500 | ||
|---|---|---|---|
| 003 | Nust | ||
| 005 | 20170207154200.0 | ||
| 010 | _a 94114801 | ||
| 020 | _a1558283188 : | ||
| 035 | _a(OCoLC)29425999 | ||
| 040 | _cNust | ||
| 082 | 0 | 0 | _a005.133 |
| 100 | 1 | _aKarney, James. | |
| 245 | 1 | 0 |
_aPower of-- CorelDraw! / _cJim Karney. |
| 250 | _a1st ed. | ||
| 260 |
_aNew York : _bMIS:Press, _c1993. |
||
| 300 |
_axxxii, 856 p. : _bill. (some col.) ; _c24 cm. + _e1 computer disk (3 1/2 in.) |
||
| 500 | _a"Covers version 4.0"--Cover. | ||
| 500 | _aIncludes index. | ||
| 500 | _aSystem requirements for computer disk: IBM-compatible PC with 386 or higher microprocessor; 4MB RAM; DOS; Microsoft Windows 3.1 or later; CorelDRAW!; VGA or better graphics display; mouse or graphics tablet. | ||
| 650 | 0 | _aComputer graphics. | |
| 942 |
_2ddc _cBK |
||
| 999 |
_c194680 _d194680 |
||